|
|
|
|
| LEADER |
00000nab a2200000 a 4500 |
| 001 |
vtls009449697 |
| 003 |
SK-MaSNL |
| 005 |
20260305034208.0 |
| 008 |
081126c20081028xo dr| 0 0slo |
| 038 |
|
|
|a RVGKPD
|
| 040 |
|
|
|a RVGKPD
|b slo
|c RVGKPD
|e AACR2
|
| 041 |
|
|
|a slo
|
| 044 |
|
|
|a xo
|c SK
|
| 080 |
|
|
|a 622.341
|2 1997
|
| 080 |
|
|
|a 331.108.27
|2 1997
|
| 245 |
0 |
0 |
|a Siderit Nižná Slaná prehral boj o existenciu
|b o prácu príde takmer šesťsto ľudí
|c [autor] (aba)
|
| 300 |
|
|
|b Fotogr.
|
| 610 |
2 |
7 |
|a Siderit (Nižná Slaná, Slovensko)
|2 rvgkpd
|
| 650 |
0 |
7 |
|a prepúšťanie zamestnancov
|2 rvgkpd
|9 29116
|
| 651 |
|
7 |
|a Nižná Slaná (Slovensko)
|2 rvgkpd
|9 29467
|
| 651 |
|
7 |
|a Rožňava (Slovensko : okres)
|2 rvgkpd
|9 19215
|
| 773 |
0 |
|
|t Gemerský korzár
|g Roč. X, č. 250 (28.10.2008), s. 5
|x 1335-7581
|
| 852 |
|
|
|a RVGKPD
|b KIS3G
|
| 992 |
|
|
|a RBX
|
| 999 |
|
|
|c 3328367
|d 3330297
|